| 000 | 00448pab a2200157 454500 | ||
|---|---|---|---|
| 008 | 180718b2005 xxu||||| |||| 00| 0 eng d | ||
| 100 | _aSrivatsan, R. | ||
| 245 | _aNative noses and nationalist zoos: debates in colonial and early nationalist anthropology of castes and tribes | ||
| 260 | _c2005 | ||
| 300 | _ap.1986-998. | ||
| 362 | _a7 May | ||
| 650 | _aTribes | ||
| 650 | _aCaste | ||
| 773 | _aEconomic and Political Weekly | ||
| 909 | _a65070 | ||
| 999 |
_c65070 _d65070 |
||